| 000 | 00454am a2200169a 44500 | ||
|---|---|---|---|
| 005 | 20160809141108.0 | ||
| 008 | 150721b xxu||||| |||| 00| 0 spa d | ||
| 041 | _aEspañol | ||
| 082 |
_a411 _bCh512-o |
||
| 100 |
_aChavarría Aguilar, Oscar _913474 |
||
| 245 | _aLa ortografía en perspectiva | ||
| 260 |
_aCosta Rica _bTecnológica de Costa Rica _c1988 |
||
| 300 | _a120 páginas | ||
| 650 |
_aORTOGRAFÍA _913475 |
||
| 650 |
_aENSAYO _9354 |
||
| 942 | _cBK | ||
| 999 |
_c205 _d205 |
||